<?xml version="1.0" encoding="UTF-8"?>
<record
    xmlns:xsi="http://www.w3.org/2001/XMLSchema-instance"
    xsi:schemaLocation="http://www.loc.gov/MARC21/slim http://www.loc.gov/standards/marcxml/schema/MARC21slim.xsd"
    xmlns="http://www.loc.gov/MARC21/slim">

  <leader>01652nam a22003017a 4500</leader>
  <controlfield tag="001">1717</controlfield>
  <controlfield tag="003">FISKH</controlfield>
  <controlfield tag="005">20250904083018.0</controlfield>
  <controlfield tag="008">230919b        cb ||||| |||| 00| 0 khr d</controlfield>
  <datafield tag="020" ind1=" " ind2=" ">
    <subfield code="a">9789996305986</subfield>
  </datafield>
  <datafield tag="040" ind1=" " ind2=" ">
    <subfield code="a">FISKH </subfield>
    <subfield code="b">eng</subfield>
    <subfield code="c">FISKH </subfield>
    <subfield code="d">FISKH </subfield>
  </datafield>
  <datafield tag="082" ind1=" " ind2=" ">
    <subfield code="a">629.04</subfield>
  </datafield>
  <datafield tag="100" ind1=" " ind2=" ">
    <subfield code="a">Wenxuan, Cao </subfield>
  </datafield>
  <datafield tag="245" ind1=" " ind2=" ">
    <subfield code="a">&#x179F;&#x17D2;&#x179B;&#x17B6;&#x1794; / </subfield>
    <subfield code="c">&#x1793;&#x17B7;&#x1796;&#x1793;&#x17D2;&#x1792;&#x178A;&#x17C4;&#x1799; &#x1780;&#x17C5; &#x179C;&#x17C1;&#x179F;&#x17CA;&#x1793;&#x17CB; - &#x1782;&#x17BC;&#x179A;&#x179A;&#x17BC;&#x178A;&#x17C4;&#x1799; &#x179A;&#x17C9;&#x1785;&#x17BA;&#x179A; &#x1798;&#x17C9;&#x17C1;&#x179B;&#x17A1;&#x17BC; - &#x1794;&#x1780;&#x1794;&#x17D2;&#x179A;&#x17C2;&#x1796;&#x17B8;&#x1797;&#x17B6;&#x179F;&#x17B6;&#x17A2;&#x1784;&#x17CB;&#x1782;&#x17D2;&#x179B;&#x17C1;&#x179F;&#x178A;&#x17C4;&#x1799; &#x1794;&#x17CA;&#x17BB;&#x178F; &#x179F;&#x17BB;&#x1795;&#x179B; </subfield>
  </datafield>
  <datafield tag="250" ind1=" " ind2=" ">
    <subfield code="a">&#x1794;&#x17C4;&#x17C7;&#x1796;&#x17BB;&#x1798;&#x17D2;&#x1796;&#x179B;&#x17BE;&#x1780;&#x1791;&#x17B8; &#x17E2; &#x179C;&#x17B7;&#x1785;&#x17D2;&#x1786;&#x17B7;&#x1780;&#x17B6; &#x17E2;&#x17E0;&#x17E1;&#x17E8;</subfield>
  </datafield>
  <datafield tag="260" ind1=" " ind2=" ">
    <subfield code="a">Phnom Penh : </subfield>
    <subfield code="b">Sipar, </subfield>
    <subfield code="c">2018.</subfield>
  </datafield>
  <datafield tag="300" ind1=" " ind2=" ">
    <subfield code="a">38 pages : </subfield>
    <subfield code="b">color illustrations ; </subfield>
    <subfield code="c">17 &#xD7; 30 cm</subfield>
  </datafield>
  <datafield tag="505" ind1=" " ind2=" ">
    <subfield code="a">J
</subfield>
  </datafield>
  <datafield tag="520" ind1=" " ind2=" ">
    <subfield code="a">&#x179F;&#x17D2;&#x179B;&#x17B6;&#x1794;&#x1798;&#x17BD;&#x1799;&#x178F;&#x17D2;&#x179A;&#x17BC;&#x179C;&#x1794;&#x17B6;&#x1793;&#x1791;&#x17B6;&#x1789;&#x17A1;&#x17BE;&#x1784;&#x178A;&#x17C4;&#x1799;&#x1781;&#x17D2;&#x1799;&#x179B;&#x17CB;&#x17D4; &#x179F;&#x178F;&#x17D2;&#x179C;&#x179F;&#x17D2;&#x179B;&#x17B6;&#x1794;&#x1793;&#x17C1;&#x17C7;&#x1785;&#x1784;&#x17CB;&#x178A;&#x17B9;&#x1784;&#x1790;&#x17B6;&#x179C;&#x17B6;&#x1798;&#x1780;&#x1796;&#x17B8;&#x178E;&#x17B6;? &#x179C;&#x17B6;&#x178F;&#x17C2;&#x1784;&#x178F;&#x17C2;&#x179F;&#x17BD;&#x179A;&#x179F;&#x178F;&#x17D2;&#x179C;&#x179F;&#x17D2;&#x179B;&#x17B6;&#x1794;&#x1791;&#x17B6;&#x17C6;&#x1784;&#x17A2;&#x179F;&#x17CB;&#x178A;&#x17C2;&#x179B;&#x1787;&#x17BD;&#x1794;&#x179F;&#x17C6;&#x178E;&#x17BD;&#x179A;&#x178A;&#x17BC;&#x1785;&#x1782;&#x17D2;&#x1793;&#x17B6; "&#x178F;&#x17BE;&#x1781;&#x17D2;&#x1789;&#x17BB;&#x17C6;&#x1787;&#x17B6;&#x179A;&#x1794;&#x179F;&#x17CB;&#x17A2;&#x17D2;&#x1793;&#x1780;&#x1791;&#x17C1;?"</subfield>
  </datafield>
  <datafield tag="520" ind1=" " ind2=" ">
    <subfield code="a">A feather was picked up by the wind. This feather wants to know what bird it comes from. It always asks all the birds that meets the same question &#x201C;Am I yours?&#x201D;. </subfield>
  </datafield>
  <datafield tag="521" ind1="8" ind2=" ">
    <subfield code="a">500
</subfield>
    <subfield code="b">Lexile estimate 
</subfield>
  </datafield>
  <datafield tag="521" ind1="8" ind2=" ">
    <subfield code="a">J
</subfield>
    <subfield code="b">Raz-Plus 
</subfield>
  </datafield>
  <datafield tag="650" ind1=" " ind2=" ">
    <subfield code="a">&#x179F;&#x17D2;&#x179B;&#x17B6;&#x1794; </subfield>
    <subfield code="v">&#x179F;&#x178F;&#x17D2;&#x179C;&#x179F;&#x17D2;&#x179B;&#x17B6;&#x1794; </subfield>
    <subfield code="x">&#x1791;&#x17B6;&#x1789; </subfield>
  </datafield>
  <datafield tag="650" ind1=" " ind2=" ">
    <subfield code="a">Wing </subfield>
    <subfield code="v">Pick up </subfield>
    <subfield code="x">Bird </subfield>
  </datafield>
  <datafield tag="700" ind1=" " ind2=" ">
    <subfield code="a">Mello, Roger </subfield>
    <subfield code="e">illustrator</subfield>
  </datafield>
  <datafield tag="700" ind1=" " ind2=" ">
    <subfield code="a">Sophal, Bot </subfield>
    <subfield code="e">Translator </subfield>
  </datafield>
  <datafield tag="942" ind1=" " ind2=" ">
    <subfield code="2">ddc</subfield>
    <subfield code="c">KHB</subfield>
    <subfield code="n">0</subfield>
  </datafield>
  <datafield tag="999" ind1=" " ind2=" ">
    <subfield code="c">1717</subfield>
    <subfield code="d">1717</subfield>
  </datafield>
  <datafield tag="952" ind1=" " ind2=" ">
    <subfield code="0">0</subfield>
    <subfield code="1">0</subfield>
    <subfield code="2">ddc</subfield>
    <subfield code="4">0</subfield>
    <subfield code="7">0</subfield>
    <subfield code="8">KH</subfield>
    <subfield code="a">002</subfield>
    <subfield code="b">002</subfield>
    <subfield code="c">TTP Khmer</subfield>
    <subfield code="d">2023-09-19</subfield>
    <subfield code="l">0</subfield>
    <subfield code="o">WEN 629.04</subfield>
    <subfield code="p">2023-0663</subfield>
    <subfield code="r">2023-09-19 12:12:58</subfield>
    <subfield code="t">1</subfield>
    <subfield code="w">2023-09-19</subfield>
    <subfield code="y">KHB</subfield>
  </datafield>
  <datafield tag="952" ind1=" " ind2=" ">
    <subfield code="0">0</subfield>
    <subfield code="1">0</subfield>
    <subfield code="2">ddc</subfield>
    <subfield code="4">0</subfield>
    <subfield code="7">0</subfield>
    <subfield code="8">KH</subfield>
    <subfield code="a">001</subfield>
    <subfield code="b">001</subfield>
    <subfield code="c">KHRS</subfield>
    <subfield code="d">2023-09-19</subfield>
    <subfield code="l">1</subfield>
    <subfield code="o">WEN 629.04</subfield>
    <subfield code="p">2023-0664</subfield>
    <subfield code="r">2025-09-29 10:22:05</subfield>
    <subfield code="s">2025-06-30</subfield>
    <subfield code="t">2</subfield>
    <subfield code="w">2023-09-19</subfield>
    <subfield code="y">KHB</subfield>
  </datafield>
  <datafield tag="952" ind1=" " ind2=" ">
    <subfield code="0">0</subfield>
    <subfield code="1">0</subfield>
    <subfield code="2">ddc</subfield>
    <subfield code="4">0</subfield>
    <subfield code="7">0</subfield>
    <subfield code="8">KH</subfield>
    <subfield code="a">002</subfield>
    <subfield code="b">002</subfield>
    <subfield code="c">TTP Khmer</subfield>
    <subfield code="d">2023-09-19</subfield>
    <subfield code="l">0</subfield>
    <subfield code="o">WEN 629.04</subfield>
    <subfield code="p">FISTK05318</subfield>
    <subfield code="r">2023-10-10 10:18:57</subfield>
    <subfield code="t">3</subfield>
    <subfield code="w">2023-09-19</subfield>
    <subfield code="y">KHB</subfield>
  </datafield>
  <datafield tag="952" ind1=" " ind2=" ">
    <subfield code="0">0</subfield>
    <subfield code="1">0</subfield>
    <subfield code="2">ddc</subfield>
    <subfield code="4">0</subfield>
    <subfield code="7">0</subfield>
    <subfield code="8">KH</subfield>
    <subfield code="a">001</subfield>
    <subfield code="b">001</subfield>
    <subfield code="c">KHRS</subfield>
    <subfield code="d">2023-09-19</subfield>
    <subfield code="l">1</subfield>
    <subfield code="o">WEN 629.04</subfield>
    <subfield code="p">FISBK072065</subfield>
    <subfield code="r">2025-09-29 10:22:09</subfield>
    <subfield code="s">2025-06-30</subfield>
    <subfield code="t">4</subfield>
    <subfield code="w">2023-09-19</subfield>
    <subfield code="y">KHB</subfield>
  </datafield>
  <datafield tag="952" ind1=" " ind2=" ">
    <subfield code="0">0</subfield>
    <subfield code="1">0</subfield>
    <subfield code="2">ddc</subfield>
    <subfield code="4">0</subfield>
    <subfield code="7">0</subfield>
    <subfield code="8">KH</subfield>
    <subfield code="a">001</subfield>
    <subfield code="b">001</subfield>
    <subfield code="c">OKHR</subfield>
    <subfield code="d">2024-06-27</subfield>
    <subfield code="l">0</subfield>
    <subfield code="o">WEN 629.04</subfield>
    <subfield code="p">FISTK05317</subfield>
    <subfield code="r">2024-06-27 14:08:01</subfield>
    <subfield code="t">5</subfield>
    <subfield code="w">2024-06-27</subfield>
    <subfield code="y">KHB</subfield>
  </datafield>
  <datafield tag="952" ind1=" " ind2=" ">
    <subfield code="0">0</subfield>
    <subfield code="1">0</subfield>
    <subfield code="2">ddc</subfield>
    <subfield code="4">0</subfield>
    <subfield code="7">0</subfield>
    <subfield code="8">KH</subfield>
    <subfield code="a">001</subfield>
    <subfield code="b">001</subfield>
    <subfield code="c">OKHR</subfield>
    <subfield code="d">2024-06-27</subfield>
    <subfield code="l">0</subfield>
    <subfield code="o">WEN 629.04</subfield>
    <subfield code="p">FISBK072086</subfield>
    <subfield code="r">2024-06-27 14:08:40</subfield>
    <subfield code="t">6</subfield>
    <subfield code="w">2024-06-27</subfield>
    <subfield code="y">KHB</subfield>
  </datafield>
  <datafield tag="952" ind1=" " ind2=" ">
    <subfield code="0">0</subfield>
    <subfield code="1">0</subfield>
    <subfield code="2">ddc</subfield>
    <subfield code="4">0</subfield>
    <subfield code="7">0</subfield>
    <subfield code="8">KH</subfield>
    <subfield code="a">002</subfield>
    <subfield code="b">002</subfield>
    <subfield code="c">TTP Khmer</subfield>
    <subfield code="d">2025-09-11</subfield>
    <subfield code="l">0</subfield>
    <subfield code="o">WEN 629.04</subfield>
    <subfield code="p">FIS04533</subfield>
    <subfield code="r">2025-09-11 10:42:17</subfield>
    <subfield code="t">7</subfield>
    <subfield code="w">2025-09-11</subfield>
    <subfield code="y">KHB</subfield>
  </datafield>
  <datafield tag="952" ind1=" " ind2=" ">
    <subfield code="0">0</subfield>
    <subfield code="1">0</subfield>
    <subfield code="2">ddc</subfield>
    <subfield code="4">0</subfield>
    <subfield code="7">0</subfield>
    <subfield code="8">KH</subfield>
    <subfield code="a">002</subfield>
    <subfield code="b">002</subfield>
    <subfield code="c">TTP Khmer</subfield>
    <subfield code="d">2025-11-11</subfield>
    <subfield code="l">0</subfield>
    <subfield code="o">WEN 629.04</subfield>
    <subfield code="p">FIS04598</subfield>
    <subfield code="r">2025-11-11 13:55:38</subfield>
    <subfield code="t">8</subfield>
    <subfield code="w">2025-11-11</subfield>
    <subfield code="y">KHB</subfield>
  </datafield>
</record>
